L´ acadie pour quasiment rien

محفوظ في:
التفاصيل البيبلوغرافية
المؤلف الرئيسي: Maillet, Antoinne y Scalabrini, Rita
التنسيق: كتاب
اللغة:Undetermined
منشور في: Ottawa, Canadá Lemeac 1973
الموضوعات:
الوسوم: إضافة وسم
لا توجد وسوم, كن أول من يضع وسما على هذه التسجيلة!

MARC

LEADER 00000nam a2200000Ia 4500
008 170316s9999 xx 000 0 und d
040 |a cru BVZT 
090 |a 818 M-5a 
100 |a Maillet, Antoinne y Scalabrini, Rita 
245 |a L´ acadie pour quasiment rien 
260 |a Ottawa, Canadá 
260 |b Lemeac 
260 |c 1973 
300 |a 133 páginas 
650 |a LITERATURA CANADIENSE 
999 |c 6574  |d 6574 
942 |c 15 D  |h 818 M-5a  |2 z